Indie Games by Pictures #7 - Statistics

General Stats
  • This quiz has been taken 247 times
  • The average score is 9 of 20
Answer Stats
Picture Answer % Correct
Happy Wheels
87%
Dumb Ways to Die
86%
Baldi's Basics
83%
Plague Inc.
79%
Slender: The Eight Pages
66%
Garten of Banban
62%
Surgeon Simulator 2013
61%
Goat Simulator
57%
Who's Your Daddy
46%
I Am Bread
42%
VVVVVV
42%
Duck Season
29%
Dark Deception
24%
The Mortuary Assistant
23%
I'm On Observation Duty
21%
Simulacra
18%
Nun Massacre
14%
Ben and Ed
11%
The Visitor
11%
The Convenience Store | 夜勤事件
7%
No matching quizzes found
Score Distribution
Percent of People with Each Score
Percentile by Number Answered
Your Score History
You have not taken this quiz